Yo, Ignacio de Loyola / [por] José Luis Martin Vigil

محفوظ في:
التفاصيل البيبلوغرافية
المؤلف الرئيسي: Martin Vigil, José Luis (autor)
التنسيق: كتاب
سلاسل:Colo. "Memoria de la historia"
الموضوعات:
الوسوم: إضافة وسم
لا توجد وسوم, كن أول من يضع وسما على هذه التسجيلة!

MARC

LEADER 00000nam^a2200000^u^4500
001 000540881
005 20250521000000.0
008 060220s1000^^^^^^^^^^^^r^^^^^000^0^spa^d
009 20260310131212.879
035 |a FMI 000009011 
037 |a Acervo Xavier Clavigero 
096 |a 3.6.1/11/C 
100 |a Martin Vigil, José Luis  |e (autor) 
245 1 0 |a Yo, Ignacio de Loyola / [por] José Luis Martin Vigil 
264 |a México : Planeta Mexicana, 1989 
300 |a 236 p. 
336 |a texto  |b txt  |2 rdacontenido 
337 |a sin mediación  |b n  |2 rdamedio 
338 |a volumen  |b nc  |2 rdasoporte 
440 0 |a Colo. "Memoria de la historia" 
649 |a XX 
650 |a VIDAS DE SANTOS 
910 |a Fondo Francisco Migoya Covarrubias S.J. 
920 |a Impresos - Libros 
930 |a Fondos Especiales 
905 |a 134 
901 |a SBC11545  |b IT2  |c ESP  |u 20250521 
902 |a https://opac.biblio.iteso.mx/vufind/Record/000540881